Представление документа в формате RUSMARC

ПолеНазваниеЗначение
  Тип записи a
  Библиографический уровень m
001 Контрольный номер 545e95a5f85b41198f27ea9d7521df70
005 Дата корректировки 20201206205155.3
010 Индекс ISBN __
a ISBN 978-5-9268-2781-8 (в пер.)
d Цена 482-33, 4000 экз.
100 Данные общей обработки __
a Данные общей обработки 19190201d2018||||||| 0rusy0189 ca
101 Язык документа 0_
a Язык текста rus
102 Страна публикации __
a Страна публикации RU|
102 Страна публикации __
a Страна публикации RU
105 Кодированные данные (монография) __
a Кодированные данные (монография) a|||||||000zy
200 Заглавие и сведения об ответственности 1_
a Заглавие За дальним поворотом
e Сведения, относящиеся к заглавию повесть : [для среднего и старшего школьного возраста]
f Первые сведения об ответственности Валерий Мусаханов ; художник Иосиф Латинский
b Общее обозначение материала Текст
210 Выходные данные __
a Место издания Санкт-Петербург
a Место издания Москва
c Издательство Речь
d Дата издания 2018
215 Физическое описание __
a Объем 189, [2] с.
c Иллюстрации/тип воспроизводства ил.
d Формат 21 см
225 Серия __
a Серия Серия "Вот как это было"
330 Аннотация __
a Аннотация Блокадные мальчишки взрослели рано. Бомбежки, обстрелы, голод... Смерть прошла совсем рядом, но друзья Валька и Кирка уцелели. И хотя война уже позади, ее следы повсюду. Городская окраина, начиненная боеприпасами, неотвратимо притягивает к себе подростков. А забыть о трудностях послевоенного быта помогают книги: ребята бережно и тщательно собирают одну на двоих библиотеку. И, конечно, хорошие, настоящие люди, встречи с которыми позволяют не только выжить, но и сохранить душу и обрести в жизни цель. В иллюстрациях Иосифа Латинского запечатлена трагедия прошедшей войны, но главные его герои, конечно, мальчишки.
333 Примечание о целевом назначении __
a Примечание о целевом назначении 12+. Для детей старше 12 лет
606 Тематические рубрики __
a Основная рубрика Художественная литература
606 Тематические рубрики __
a Основная рубрика Русская литература XX в. (произведения)
610 Ключевые слова __
a Ключевые слова детская литература
610 Ключевые слова __
a Ключевые слова повести о войне
610 Ключевые слова __
a Ключевые слова повести
610 Ключевые слова __
a Ключевые слова повести о детях
610 Ключевые слова __
a Ключевые слова тема Великой Отечественной войны
610 Ключевые слова __
a Ключевые слова тема детей
610 Ключевые слова __
a Ключевые слова тема военного детства
610 Ключевые слова __
a Ключевые слова тема войны
610 Ключевые слова __
a Ключевые слова тема блокады
610 Ключевые слова __
a Ключевые слова блокада Ленинграда
610 Ключевые слова __
a Ключевые слова тема голода
610 Ключевые слова __
a Ключевые слова тема друзей
610 Ключевые слова __
a Ключевые слова тема книг
686 Индексы других классификаций __
2 Код системы rubbks
a Классификационный индекс 84(2=411.2)6-4; ст84(2=411.2)6-4
700 Автор _1
a Фамилия Мусаханов
b Имя В. Я.
f Даты 1932-2012
g Полное личное имя Валерий Яковлевич
4 Код отношения 070
702 Вторичная интеллектуальная ответственность _1
a Фамилия Латинский
b Имя И. Я.
4 Код отношения Художник
g Полное личное имя Иосиф Яковлевич
4 Код отношения 040
801 Источник записи _0
a Страна RU
b Организация Муниципальное бюджетное учреждение культуры "Централизованная библиотечная система" г. Сургут (Центральная городская библиотека им. А. С. Пушкина)
c Дата составления 20190201
g Правила каталогизации PSBO
801 Источник записи _1
a Страна RU
b Организация Муниципальное бюджетное учреждение культуры "Централизованная библиотечная система" г. Сургут (Центральная городская библиотека им. А. С. Пушкина)
c Дата составления 20190201
g Правила каталогизации PSBO
852 Данные о местонахождении __
j Шифр хранения 84(2=411.2)6-4
i Авторский знак М 91
901 Тип документа __
t Тип документа m
a Ответственный ООФиК/Волкова
903 Характеристики (МАРС) __
a Дата передачи 20190201
969 Тип издания __
a Тип издания издание для детей
990 Данные о заказе (DOS) __
j Количество экземпляров (DOS) 4
t N записи в КСУ для И/У (DOS) 201902